Lead Singers to Band 3 - Click - Statistics

General Stats
  • This quiz has been taken 601 times
    593 since last reset
  • The average score is 17 of 26
Answer Stats
Hint Answer % Correct
Oasis Liam Gallagher
92%
The Police Sting
90%
Foo Fighters Dave Grohl
89%
No Doubt Gwen Stefani
85%
The White Stripes Jack White
83%
Red Hot Chili Peppers Anthony Kiedis
82%
The Cranberries Dolores O'Riordan
81%
The Sex Pistols Johnny Rotten
79%
Genesis (1980's) Phil Collins
79%
Dire Straits Mark Knopfler
73%
Heart Ann Wilson
72%
The Velvet Underground Lou Reed
71%
Motörhead Lemmy
68%
AC/DC (1970's) Bon Scott
65%
Genesis (1970's) Peter Gabriel
64%
AC/DC (1980-) Brian Johnson
62%
Panic! at the Disco Brendon Urie
59%
Garbage Shirley Manson
58%
Rage Against the Machine Zack de la Rocha
58%
System of a Down Serj Tankian
57%
Mötley Crüe Vince Neil
57%
The Kinks Ray Davies
52%
Roxy Music Bryan Ferry
51%
Slipknot Corey Taylor
49%
Imagine Dragons Dan Reynolds
42%
black midi Geordie Greep
32%
No matching quizzes found
Score Distribution
Percent of People with Each Score
Percentile by Number Answered
Your Score History
You have not taken this quiz since the last reset